| 000 | 00764nam a2200205 a 4500 | ||
|---|---|---|---|
| 008 | 120416s1985 ||||||||||||||||| || u | ||
| 050 | _aHD 31 Kas | ||
| 100 | _aKast, Fremont Ellsworth, 1926- | ||
| 245 | 1 | 0 | _aOrganization and management: a systems and contingency approach. (4th ed.) |
| 250 | _a4th ed. | ||
| 260 |
_aNew York : _bMcGraw-Hill _c1985 |
||
| 300 | _axiii, 720 p. : ill. | ||
| 350 | _a0.00 | ||
| 490 | _aMcGraw-Hill series in management | ||
| 500 | _aIncludes indexes. -Bibliography: p. 691-699. | ||
| 650 | _aORGANIZATION | ||
| 650 | 0 | _aMANAGEMENT | |
| 700 | _aRosenzweig, James Erwin, 1929- | ||
| 995 |
_D0.00 _FCBU-MAIN LIBRARY (Kitwe) _H1 _I34.00 _M1 _UDAMAGED _ZMain Library Open Access Collection |
||
| 999 |
_c52825 _d52825 |
||